01130naa a22002777a 4500001001000000003000900010005001700019007000300036008003400039040005400073041000900127072002000136090001800156100001800174111008900192245007900281260003900360500010600399650001500505650001100520773010300531909003600634942001400670999001900684952014900703BR8305213BR-BrBNA20240918175337.0ta230509b bl.||||| |||| 00| 0 por d aBR-BrBNAbporcBiblioteca Nacional de Agricultura a(Pt) aH10b4020b3877 aH10 BR83052131 aMarques, G.L.1 a9. Reuniao de Pesquisa de Soja da Regiao SulcSanta Maria, RS (Brazil)d2-4 Aug 19831 aSeletividade de inseticidas sobre adultos de Eriopis connexa (Germ.; 1824)3 aPasso Fundo, RS (Brasil): c1983.  aSoja. Resultados de Pesquisa, 1982-1983 Passo Fundo, RS (Brasil): 1983. p. 126-129 (BR8305213-AM)H10  aINSETICIDA aINSETO0 tSoja. Resultados de Pesquisa, 1982-1983wH10 BR8305213gPasso Fundo, RS (Brasil), 1983. p. 126-129 a202404bLuciac55dLucia Elande cAM2AGRIS c316234d316234 002AGRIS40708Acervo Gerala41918b41918cAgrobasel0o0336 BR8305192r2024-05-20t01yAM10d2024-04-11ePortaria Interministerial nÂș 164/94